Language Quiz

Random Language Quiz

Emojis According To Siri Quiz Stats

 Plays Quiz not verified by Sporcle

Score 0/20 Timer 02:00
0 Plays Today
% Correct
Runner
71.8%
Police Officer
70.4%
Lovestruck Cat Face
69.7%
Smiling Face With Sunglasses
66.2%
Extraterrestrial Alien
65.5%
Man With Medium Dark Skin Tone With Turban
63.4%
Face With Tears Of Joy
62.7%
OK Hand Sign
62%
Woman Receiving Haircut
62%
Baby Angel
61.3%
% Correct
Bride With Veil
59.9%
Pulsating Heart
57%
Dancer
56.3%
Open Hands With Medium Light Skin Tone
55.6%
Japanese Ogre Mask
52.1%
Face Screaming With Fear
52.1%
Silhouette of Person
47.2%
Guardsman
45.1%
Distraught Face With Tightly Closed Eyes
35.9%
Smirking Face
30.3%

You're not logged in!

Compare scores with friends on all Sporcle quizzes.
OR
Log In

Sporcle TV

Today on Sporcle TV


Watch our educational content, quiz creation guides, and fun videos on Sporcle TV.

Show Comments

Extras

Created Aug 12, 2016ReportNominate
Tags:algorithm, cube, fre, poo, rubik, set

Top Quizzes Today


Score Distribution

Your Account Isn't Verified!

In order to create a playlist on Sporcle, you need to verify the email address you used during registration. Go to your Sporcle Settings to finish the process.

Report this User

Report this user for behavior that violates our Community Guidelines.

Details: